Top 10 x 3 : Ciudades más peligrosas de Europa - Estadísticas

Estadísticas generales
  • Esta prueba ha sido intentada 480 veces
  • La puntuación promedio es 18 de 30
Estadísticas de respuestas
# Ciudad % Correcto
10 Barcelona
95%
6 Madrid
95%
7 Paris
94%
9 Londres
93%
5 Roma
90%
7 Roma
90%
1 Moscú
85%
8 Atenas
80%
3 Atenas
80%
4 Nápoles
79%
1 Kiev
76%
6 Milán
74%
10 Bucarest
73%
5 Budapest
70%
3 Marsella
69%
5 Marsella
69%
2 Belgrado
67%
4 Sofia
62%
4 Bruselas
58%
2 San Petersburgo
57%
9 Zagreb
57%
10 Sarajevo
53%
3 Turin
46%
8 Riga
36%
9 Glasgow
20%
8 Róterdam
19%
6 Lille
18%
2 Bari
13%
1 Rostov del Don
4%
7 Coventry
3%
No se encontraron pruebas coincidentes
Distribución de puntuación
Porcentaje de gente con cada puntuación
Porcentaje por número respondido
Historial de tus puntuaciones
No has intentado esta prueba.